Statistics for Solve the Secret Sport

Click here to take the quiz!

General Stats

  • This quiz has been taken 9,219 times
  • The average score is 12 of 21

Answer Stats

ScrambleSport% Correct
FGLOGolf
100%
BGRUYRugby
99%
EINNSTTennis
98%
BGINOXBoxing
96%
CCGILNYCycling
68%
EGILNRSTWWrestling
67%
CEFGINNFencing
62%
FGINRSUSurfing
57%
CCEIKRTCricket
55%
AHQSSUSquash
53%
ABDIMNNOTBadminton
50%
CEOQRTUCroquet
49%
ABELLLLOVYVolleyball
47%
ADHLRSUHurdles
45%
CDISSUDiscus
44%
CGILNRUCurling
42%
ACGIMNSSTYGymnastics
39%
EKNOORSSnooker
36%
ACEHRRYArchery
35%
Secret SportLACROSSE
23%
EEEGIINNORRTOrienteering
12%

Score Distribution

Percentile by Number Answered

Percent of People with Each Score

Your Score History

You have not taken this quiz